000 00658nam a2200241Ia 4500
003 OSt
005 20220928144113.0
006 a|||||r|||| 00| 0
007 ta
008 220927b |||||||| |||| 00| 0 eng d
024 _a24320
037 _cTextual
040 _aSDCL
_cSDCL
_beng
041 _2eng
_aeng
082 _aX:8F, N6
100 _aNeedles Belverd E
_9506968
245 0 _aFinancial and management accounting
_b A sole proprietorship approach
250 _a4
260 _c1996
700 _a Anderson Henry R
_9506969
942 _hX:8F, N6
_cTEXL
_2CC
999 _c826234
_d826234